[Event "Olympiad-44"]
[Site "Chennai"]
[Date "2022.08.05"]
[Round "7.2"]
[White "Nathoo, Loris"]
[Black "Fortes, Aires"]
[Result "1-0"]
[WhiteElo "1695"]
[BlackElo "1508"]
[PlyCount "57"]
[EventDate "2022.07.29"]
[EventType "team-swiss"]
[EventRounds "11"]
[EventCountry "IND"]
[SourceTitle "CBM 210"]
[Source "ChessBase"]
[SourceDate "2022.10.31"]
[SourceVersion "1"]
[SourceVersionDate "2022.10.31"]
[SourceQuality "1"]
[WhiteTeam "Guyana"]
[BlackTeam "Kap Verde"]
[WhiteTeamCountry "GUY"]
[BlackTeamCountry "KAP"]

1. d4 Nf6 2. Bf4 d5 3. e3 e6 4. Nd2 Bd6 5. Bg3 0-0 6. c3 b6 7. Ngf3 Bb7 8. Bh4 Nbd7 9. Bd3 e5 10. dxe5 Bxe5 11. Qc2 h6 12. Bf5 Qe8 13. Nxe5 Qxe5 14. Nf3 Qe8 15. 0-0-0 g6 16. Bxd7 Nxd7 17. Bg3 Qc8 18. h4 c5 19. h5 g5 20. Qf5 Re8 21. Nxg5 hxg5 22. Qxg5+ Kh8 23. Qh6+ Kg8 24. Rh4 Nf8 25. Qg5+ Kh7 26. Rg4 Ne6 27. Qf5+ Kh6 28. Bf4+ Nxf4 29. Qg5+ 1-0

[Event "Olympiad-44"]
[Site "Chennai"]
[Date "2022.07.29"]
[Round "1.1"]
[White "Peralta, Fernando"]
[Black "Fortes, Aires"]
[Result "1-0"]
[WhiteElo "2591"]
[BlackElo "1508"]
[PlyCount "49"]
[EventDate "2022.07.29"]
[EventType "team-swiss"]
[EventRounds "11"]
[EventCountry "IND"]
[SourceTitle "CBM 210"]
[Source "ChessBase"]
[SourceDate "2022.10.31"]
[SourceVersion "1"]
[SourceVersionDate "2022.10.31"]
[SourceQuality "1"]
[WhiteTeam "Argentina"]
[BlackTeam "Kap Verde"]
[WhiteTeamCountry "ARG"]
[BlackTeamCountry "KAP"]

1. Nf3 Nc6 2. d4 e6 3. e4 Nf6 4. e5 Nd5 5. c4 Bb4+ 6. Nbd2 Nde7 7. a3 Bxd2+ 8. Bxd2 d6 9. exd6 cxd6 10. Bc3 d5 11. c5 a5 12. b4 axb4 13. axb4 Rxa1 14. Qxa1 Ng6 15. b5 Nb8 16. Qa8 Qc7 17. b6 Qc6 18. Qxb8 0-0 19. Be2 e5 20. 0-0 Nf4 21. Qxe5 Nh3+ 22. gxh3 Re8 23. Qd6 Qxd6 24. cxd6 Rxe2 25. Ne5 1-0

[Event "CPV-ch"]
[Site "Mindelo"]
[Date "2021.11.20"]
[Round "6"]
[White "Fortes, Aires"]
[Black "Monteiro, Antonio David Cabra"]
[Result "0-1"]
[WhiteElo "1474"]
[BlackElo "1795"]
[PlyCount "71"]
[EventDate "2021.11.15"]
[EventType "tourn"]
[EventRounds "9"]
[EventCountry "KAP"]
[SourceTitle "CBM 205 Extra"]
[Source "ChessBase"]
[SourceDate "2022.01.31"]
[SourceVersion "1"]
[SourceVersionDate "2022.01.31"]
[SourceQuality "1"]

1. e4 d6 2. d4 Nf6 3. Nc3 c6 4. Bd3 e5 5. dxe5 dxe5 6. Bg5 Bc5 7. Qd2 0-0 8. 0-0-0 Be6 9. f4 Qc7 10. Nf3 Ng4 11. f5 f6 12. fxe6 fxg5 13. Bc4 Qe7 14. Qd8 Na6 15. Qxe7 Bxe7 16. Rd7 Rfe8 17. Rxb7 Nc5 18. Rc7 Ne3 19. Bb3 Nxb3+ 20. axb3 g4 21. Nd2 Nxg2 22. Rf1 Nf4 23. Rxc6 Bg5 24. Kb1 Nxe6 25. Nc4 Bf4 26. Nd5 Nd4 27. Rd6 g5 28. Nc7 Bxh2 29. Nxa8 Rxa8 30. Rh1 g3 31. Ne3 Rf8 32. Ng2 Rf2 33. Ne3 Re2 34. Rd8+ Kf7 35. Ng4 g2 36. Nxe5+ 0-1